[Event "Titled Tue 26th Aug Early"]
[Site "chess.com INT"]
[Date "2025.08.26"]
[Round "4"]
[White "Newansa, M Esandi"]
[Black "Gavilan Diaz, Mario"]
[Result "1-0"]
[WhiteTitle "WFM"]
[BlackTitle "FM"]
[WhiteElo "1951"]
[BlackElo "2195"]
[WhiteFideId "9999060"]
[BlackFideId "2260905"]
[EventDate "2025.08.26"]

1. d4 Nf6 2. Bf4 c5 3. d5 e6 4. c4 exd5 5. cxd5 d6 6. Nc3 g6 7. e4 Bg7 8. a4 O-O
9. Bd3 c4 10. Bxc4 Re8 11. Bd3 Nxe4 12. Nxe4 f5 13. Ne2 fxe4 14. Bc4 Na6 15. Qc2
Nc5 16. O-O Bf5 17. Ng3 Bc8 18. Rac1 Qf6 19. Be3 Qxb2 20. Bxc5 dxc5 21. Bb5 Rf8
22. Qxe4 Qd4 23. Rc4 Qf6 24. Rxc5 h5 25. Bc4 h4 26. d6+ Kh7 27. Rh5+ Bh6 28.
Rxh4 Qxd6 29. Re1 Kg7 30. Qe7+ Qxe7 31. Rxe7+ Kf6 32. Rc7 Rh8 33. h3 Be6 34.
Ne4+ Ke5 35. Rc5+ Kd4 36. Bxe6 Bg7 37. Rc4+ Kd3 38. Nd6 Rxh4 39. Rxh4 Rd8 40.
Nb5 Bf6 41. Rf4 Be5 42. Rf3+ Ke2 43. Re3+ Kd2 44. Rxe5 Kd3 45. Kh2 Kc2 46. Re3
Rd2 47. Kg3 Kb2 48. h4 a6 49. Nc7 Rc2 50. Nd5 Rc5 51. Nf4 b5 52. Rb3+ Kc2 53.
axb5 axb5 54. Nxg6 Rc6 55. Nf4 Rxe6 56. Nxe6 Kxb3 57. h5 Kc4 58. h6 b4 59. h7 b3
60. h8=Q b2 61. Qxb2 Kd5 62. Qd4+ Kxe6 63. Kg4 1-0

[Event "Titled Tue 26th Aug Early"]
[Site "chess.com INT"]
[Date "2025.08.26"]
[Round "4"]
[White "Rossi, Maximiliano"]
[Black "Liyanage, Pesandu Rashmitha"]
[Result "0-1"]
[BlackTitle "FM"]
[WhiteElo "2013"]
[BlackElo "2165"]
[WhiteFideId "113425"]
[BlackFideId "9947876"]
[EventDate "2025.08.26"]

1. e4 c5 2. Nf3 d6 3. Bb5+ Nd7 4. c4 Nf6 5. Nc3 g6 6. O-O Bg7 7. d4 cxd4 8. Nxd4
O-O 9. Re1 a6 10. Bxd7 Bxd7 11. h3 Rc8 12. Qd3 e5 13. Nf3 Qc7 14. Bg5 Be6 15.
Nd5 Bxd5 16. cxd5 Qc2 17. Qd2 Qxd2 18. Nxd2 Rc2 19. b3 Rfc8 20. Nc4 Ne8 21. Rec1
Rxc1+ 22. Rxc1 b5 23. Na5 Rxc1+ 24. Bxc1 f5 25. f3 fxe4 26. fxe4 Nf6 27. Nb7
Nxe4 28. Ba3 Bf8 29. Nd8 Nc3 30. Ne6 Be7 31. Nc7 a5 32. Bb2 b4 33. a4 Bd8 34.
Ne8 Bb6+ 35. Kf1 Bc5 36. Bxc3 bxc3 37. Ke2 Bb4 38. Nf6+ Kg7 39. Ne4 Kf7 40. Kd3
h6 41. Nxc3 Bxc3 42. Kxc3 Ke7 43. b4 axb4+ 44. Kxb4 Kd7 45. Kb5 Kc7 46. a5 Kb7
47. g3 g5 48. g4 Ka7 49. a6 e4 50. Kc4 Kxa6 51. Kd4 Kb5 52. Kxe4 Kc5 53. Kf5
Kxd5 54. Kg6 Ke4 55. Kxh6 d5 56. Kxg5 d4 57. h4 d3 58. h5 d2 59. Kg6 d1=Q 60. g5
Qd6+ 61. Kg7 Qe7+ 62. Kh6 Kf5 63. g6 Kf6 0-1

[Event "Titled Tue 26th Aug Early"]
[Site "chess.com INT"]
[Date "2025.08.26"]
[Round "4"]
[White "Fontaine, Quentin"]
[Black "Nurgaliyev, Sauat"]
[Result "0-1"]
[WhiteTitle "FM"]
[BlackTitle "IM"]
[WhiteElo "2314"]
[BlackElo "2410"]
[WhiteFideId "230804"]
[BlackFideId "13726285"]
[EventDate "2025.08.26"]

1. d4 d6 2. Nf3 Nc6 3. d5 Ne5 4. Nxe5 dxe5 5. e4 Nf6 6. Nc3 a6 7. Be2 e6 8. O-O
Bb4 9. dxe6 Bxe6 10. Bd3 c5 11. Qf3 Bxc3 12. bxc3 O-O 13. c4 Ne8 14. Be3 b6 15.
Rab1 Nd6 16. Qe2 Qb8 17. Bxc5 Rd8 18. Bxb6 Rc8 19. c5 Nb5 20. Qe1 Bxa2 21. Ra1
Be6 22. Qb4 Nd4 23. c3 Nc6 24. Qa4 a5 25. Bb5 Qb7 26. Rfd1 h6 27. Rd6 Ne7 28.
Rad1 Rab8 29. Bd7 Bxd7 30. Rxd7 Qc6 31. Qc4 Kf8 32. R1d6 Qb7 33. Rxb7 Rxb7 34.
Rd8+ Rxd8 35. g3 Rc8 36. Qa6 Rbb8 37. Qxa5 Nc6 38. Qb5 Ke7 39. Qc4 f6 40. f4
exf4 41. gxf4 Nd8 42. Qd5 Ne6 43. Qd6+ Kf7 44. f5 Ng5 45. Qd7+ Kg8 46. Qe7 Kh7
47. e5 Re8 48. Qd7 Nf3+ 49. Kg2 Nxe5 50. Qd5 Ra8 51. Qe4 Ra2+ 52. Kh3 Rd2 53.
Qb7 Rd3+ 54. Kg2 Ng4 55. Qc6 Re2+ 56. Kf1 Rf2+ 57. Ke1 Re3+ 58. Kd1 Ree2 59. Qd5
Ne3+ 0-1

[Event "Titled Tue 26th Aug Early"]
[Site "chess.com INT"]
[Date "2025.08.26"]
[Round "4"]
[White "Germanovs, Georgijs"]
[Black "Zeliantsova, Kseniya"]
[Result "1-0"]
[WhiteTitle "CM"]
[BlackTitle "WFM"]
[WhiteElo "2260"]
[BlackElo "2062"]
[WhiteFideId "11609710"]
[BlackFideId "13512617"]
[EventDate "2025.08.26"]

1. c4 Nf6 2. d4 g6 3. g3 Bg7 4. Bg2 d6 5. Nc3 O-O 6. Nf3 Nbd7 7. O-O e5 8. dxe5
dxe5 9. e4 c6 10. Qe2 Qc7 11. Rd1 Nc5 12. b3 Bg4 13. Ba3 b6 14. Bxc5 bxc5 15.
Qe3 Nd7 16. h3 Bxf3 17. Bxf3 f5 18. exf5 gxf5 19. Bg2 e4 20. Rac1 Rad8 21. Ne2
Qe5 22. Rd2 Nf6 23. Rcd1 Rxd2 24. Rxd2 Ne8 25. Rd7 Nc7 26. Nf4 Bh6 27. Qe2 Ne6
28. Qh5 Bg7 29. Nxe6 Qxe6 30. Rxa7 e3 31. Qg5 exf2+ 32. Kxf2 Rf7 33. Rxf7 Kxf7
34. Kg1 Bd4+ 35. Kh2 Bf6 36. Qh5+ Kg7 37. h4 Qe5 38. Qf3 Be7 39. Qf4 Qe6 40. h5
Bd6 41. Qg5+ Kf7 42. h6 f4 43. Qg7+ Ke8 44. Bxc6+ Kd8 45. Bd5 Qe2+ 46. Kh3 Qh5+
47. Kg2 Qe2+ 48. Kg1 Qe1+ 49. Kh2 fxg3+ 50. Kh3 Qf1+ 51. Kh4 g2 52. Qxg2 Qf4+
53. Qg4 Qxh6+ 54. Qh5 Qf4+ 55. Qg4 Qh2+ 56. Kg5 Qe5+ 57. Kh6 Qf6+ 58. Kxh7 Qe7+
59. Qg7 Qh4+ 60. Qh6 Qf2 61. Qxd6+ Kc8 62. Qc6+ Kd8 63. Qd6+ Kc8 64. Qe6+ Kd8
65. Qg8+ 1-0

[Event "Titled Tue 26th Aug Early"]
[Site "chess.com INT"]
[Date "2025.08.26"]
[Round "4"]
[White "Smietanska, Wiktoria"]
[Black "Perez Gormaz, Matias"]
[Result "0-1"]
[WhiteTitle "CM"]
[BlackTitle "IM"]
[WhiteElo "2237"]
[BlackElo "2381"]
[WhiteFideId "21869359"]
[BlackFideId "3406342"]
[EventDate "2025.08.26"]

1. c4 e6 2. Nc3 d5 3. d4 h6 4. Nf3 Nf6 5. cxd5 exd5 6. Bf4 Bd6 7. Bxd6 Qxd6 8.
e3 O-O 9. Bd3 Bg4 10. O-O c6 11. h3 Bxf3 12. Qxf3 Nbd7 13. Rab1 a5 14. Rfc1 g6
15. a3 Kg7 16. Na4 Rfe8 17. Nc5 Nxc5 18. Rxc5 a4 19. Qe2 Nd7 20. Rc3 h5 21. Qc2
f5 22. b4 axb3 23. Qxb3 Ra7 24. Qb4 Re6 25. Rcb3 b5 26. Rc1 Qxb4 27. axb4 Nb6
28. Rbb1 Nc4 29. Ra1 Ree7 30. g4 hxg4 31. hxg4 Kf6 32. gxf5 gxf5 33. Kf1 Rh7 34.
Ke2 Rhe7 35. Rh1 Rxa1 36. Rxa1 f4 37. Bxc4 dxc4 38. Ra6 Re6 39. Ra8 fxe3 40.
fxe3 Ke7 41. Kf3 Kd6 42. e4 Rh6 43. Ke3 Rh3+ 44. Ke2 Rh4 45. Ke3 Rh3+ 46. Ke2
Rd3 47. e5+ Kc7 48. e6 Rxd4 49. e7 Re4+ 50. Kd2 Rxe7 51. Kc3 Rd7 52. Ra7+ Kc8
53. Ra8+ Kb7 54. Rh8 Rd3+ 55. Kc2 Rb3 56. Rh7+ Kb6 57. Rh6 Rxb4 58. Kc3 Rb3+ 59.
Kd4 Rd3+ 60. Ke4 Rd5 61. Rg6 Kc5 62. Rf6 c3 63. Rf3 b4 64. Rf2 Kc4 65. Ke3 b3
66. Rf4+ Kc5 0-1

[Event "Titled Tue 26th Aug Early"]
[Site "chess.com INT"]
[Date "2025.08.26"]
[Round "4"]
[White "Bardyk, Artem"]
[Black "Ozcan, Kaan"]
[Result "1-0"]
[WhiteTitle "FM"]
[BlackTitle "FM"]
[WhiteElo "2332"]
[BlackElo "2223"]
[WhiteFideId "34349979"]
[BlackFideId "34566422"]
[EventDate "2025.08.26"]

1. e4 e5 2. Nf3 Nc6 3. Nc3 Nf6 4. a4 Bb4 5. Bd3 d6 6. O-O O-O 7. Nd5 Bc5 8. c3
a5 9. Bc2 Bg4 10. h3 Bh5 11. Nxf6+ Qxf6 12. g4 Bg6 13. d4 exd4 14. Bg5 Qe6 15.
cxd4 Nxd4 16. Nxd4 Qe5 17. Be3 Bxe4 18. Bxe4 Qxe4 19. Qf3 Qe5 20. Nf5 Bxe3 21.
Qxe3 Qxb2 22. Rab1 Qf6 23. Qe7 Qc3 24. Qe3 Qc4 25. Rxb7 g6 26. Qd4 Qxd4 27. Nxd4
c5 28. Nb5 d5 29. Nc7 Rfb8 30. Rxb8+ Rxb8 31. Nxd5 Rd8 32. Rd1 Kg7 33. Ne3 Rb8
34. Rc1 Rb4 35. Rxc5 Rxa4 36. Kg2 h6 37. Rc7 Rf4 38. Ra7 a4 39. Kg3 Rb4 40. Kf3
h5 41. Kg3 hxg4 42. hxg4 Kf8 43. Ra8+ Ke7 44. Ra7+ Ke6 45. Ra6+ Kd7 46. Kf3 Ke8
47. Ra8+ Kd7 48. Ra7+ Ke8 49. Ke2 Re4 50. f3 Rb4 51. Kf2 Kf8 52. Nd5 Rb2+ 53.
Kg3 Rd2 54. Nb6 f5 55. gxf5 gxf5 56. Nxa4 Rd4 57. Nc5 Ke8 58. Ne6 Rb4 59. Ng7+
Kf8 60. Nxf5 Rc4 61. Ra8+ Kf7 62. Nd6+ 1-0

[Event "Titled Tue 26th Aug Early"]
[Site "chess.com INT"]
[Date "2025.08.26"]
[Round "4"]
[White "Aalto, Patrik"]
[Black "Essing, Arnold"]
[Result "0-1"]
[WhiteTitle "FM"]
[BlackTitle "FM"]
[WhiteElo "2335"]
[BlackElo "2206"]
[WhiteFideId "510726"]
[BlackFideId "4619862"]
[EventDate "2025.08.26"]

1. c4 e6 2. g3 d5 3. Bg2 c5 4. cxd5 exd5 5. Nf3 Nc6 6. O-O d4 7. e3 Nf6 8. exd4
cxd4 9. Re1+ Be7 10. d3 O-O 11. Bg5 h6 12. Bxf6 Bxf6 13. Nbd2 Bf5 14. Ne4 Bxe4
15. Rxe4 Qb6 16. Qb3 Qxb3 17. axb3 a6 18. Nd2 Nb4 19. Bf1 Rac8 20. Nc4 b5 21.
Nd6 Rc2 22. Re2 Rxe2 23. Bxe2 Rd8 24. Ne4 Rc8 25. Kf1 Rc2 26. Rb1 Be7 27. Bd1
Rc7 28. Ke2 f5 29. Nd2 Bf6 30. Nf3 g5 31. h4 g4 32. Nh2 Re7+ 33. Kd2 h5 34. Be2
Bg7 35. Nf1 Bh6+ 36. Kd1 Rc7 37. Ke1 Kf7 38. Nd2 Rc2 39. Nf1 Kf6 40. Kd1 f4 41.
gxf4 Bxf4 42. Ng3 Bxg3 43. fxg3 Ke5 44. Rc1 Rxc1+ 45. Kxc1 Nd5 46. Kd2 Ne3 47.
Ke1 Kd5 48. Bd1 Kc5 49. Kd2 Kb4 50. Bc2 Nf5 51. Bd1 Nd6 52. Bc2 Nb7 53. Bd1 Nc5
54. Be2 Nxb3+ 55. Kc2 Nc5 56. Kd2 a5 57. Kc2 a4 58. Bd1 Ka5 59. Kb1 b4 60. Kc2
a3 61. bxa3 bxa3 62. Kb1 Kb4 63. Ka2 Kc3 64. Kxa3 Kxd3 65. Kb4 Ne6 66. Kb3 Kd2 0-1

[Event "Titled Tue 26th Aug Early"]
[Site "chess.com INT"]
[Date "2025.08.26"]
[Round "4"]
[White "Rosen, Eric"]
[Black "Siva Kumar, Nirish Kumar"]
[Result "1-0"]
[WhiteTitle "IM"]
[BlackTitle "FM"]
[WhiteElo "2377"]
[BlackElo "2214"]
[WhiteFideId "2032562"]
[BlackFideId "35820802"]
[EventDate "2025.08.26"]

1. d4 c5 2. d5 e6 3. Nc3 d6 4. e4 Nf6 5. Nf3 exd5 6. exd5 g6 7. h3 Bg7 8. Bb5+
Bd7 9. Be2 O-O 10. a4 Na6 11. O-O Nb4 12. Bf4 Ne8 13. Qd2 Bf5 14. g4 Bxc2 15.
Rfc1 Bb3 16. Ra3 c4 17. Nb5 a5 18. Bxc4 Bxc4 19. Rxc4 Rc8 20. Rxc8 Qxc8 21. Nxd6
Nxd6 22. Bxd6 Rd8 23. Bxb4 axb4 24. Qxb4 Rxd5 25. Rb3 Rd7 26. Kg2 h6 27. Qe4 Kh7
28. h4 Rc7 29. Rb4 Bf8 30. Rd4 Bg7 31. Rb4 Bf8 32. Rd4 Bg7 33. Ne5 Re7 34. f4
Qc1 35. Rb4 Qd2+ 36. Kg3 Bxe5 37. fxe5 Rxe5 38. Qxe5 Qxb4 39. Qf6 Qb3+ 40. Kg2
Kg8 41. a5 Qc2+ 42. Kg3 Qd3+ 43. Qf3 Qd6+ 44. Kh3 Qc7 45. Qc3 Qd7 46. Kg3 Qd6+
47. Kf3 Qd5+ 48. Kg3 Qd6+ 49. Kh3 Qe6 50. b4 h5 51. Qf3 hxg4+ 52. Qxg4 Qb3+ 53.
Kg2 Qc2+ 54. Kf3 Qd3+ 55. Kf2 Qd2+ 56. Kg3 Kh7 57. Qf3 Qe1+ 58. Kh3 Qe6+ 59. Qg4
Qb3+ 60. Kg2 Kg7 61. Qd4+ Kh7 62. Kf2 Qa2+ 63. Ke3 Qe6+ 64. Kd3 Qb3+ 65. Ke4
Qe6+ 66. Kd3 Qb3+ 67. Kd2 Qa2+ 68. Kc3 Qa1+ 69. Kc4 Qf1+ 70. Kc5 Qf5+ 71. Kb6
Qc8 72. Qc5 Qd7 73. b5 f5 74. Qe5 Kh6 75. a6 bxa6 76. Qh8+ Qh7 77. Qxh7+ Kxh7
78. bxa6 f4 79. a7 f3 80. a8=Q f2 81. Qf3 f1=Q 82. Qxf1 1-0

[Event "Titled Tue 26th Aug Early"]
[Site "chess.com INT"]
[Date "2025.08.26"]
[Round "4"]
[White "Pliukha, Myhajlo"]
[Black "Auribault, Louis"]
[Result "1/2-1/2"]
[BlackTitle "FM"]
[WhiteElo "2209"]
[BlackElo "2113"]
[WhiteFideId "14164698"]
[BlackFideId "45196591"]
[EventDate "2025.08.26"]

1. e4 e5 2. Nf3 Nc6 3. d4 exd4 4. Bc4 Bc5 5. O-O d6 6. h3 Nf6 7. c3 dxc3 8. Nxc3
O-O 9. Bg5 h6 10. Bh4 Be6 11. Qe2 Ne5 12. Bxe6 Nxf3+ 13. Qxf3 fxe6 14. e5 dxe5
15. Qxb7 Rb8 16. Qa6 Rb6 17. Qc4 Qd4 18. Qxd4 Bxd4 19. Rab1 Rfb8 20. Na4 Rb4 21.
b3 Ne4 22. Be7 Nd2 23. Bxb4 Rxb4 24. Rbc1 Nxf1 25. Kxf1 Bb6 26. Rc6 Kf7 27. Nxb6
cxb6 28. Rc7+ Kf6 29. Rxa7 Rd4 30. Ke2 b5 31. a3 Re4+ 32. Kd3 Rf4 33. Ke3 Rd4
34. Rb7 Rd5 35. h4 h5 36. f3 Rc5 37. Kd3 Kg6 38. g3 Kf6 39. Ke4 Rd5 40. Rb8 Kf7
41. Rh8 Kg6 42. Re8 Kf7 43. Rb8 Rc5 44. Kd3 Kf6 45. Rb6 Kf7 46. g4 hxg4 47. fxg4
Kf6 48. g5+ Kf5 49. Rb7 e4+ 50. Kd2 Rd5+ 51. Ke2 g6 52. Rf7+ Kg4 53. Rf6 Kxh4
54. Rxg6 Rd3 55. Rxe6 Rxb3 56. g6 Rxa3 57. Rxe4+ Kh5 58. g7 Rg3 59. Re5+ Kh6 60.
Rxb5 Kxg7 61. Rb7+ Kf6 62. Kf2 Rg5 63. Rb6+ Kf5 64. Kf3 Rg1 65. Rb5+ Kf6 66. Kf2
Rg5 67. Rb6+ Kf5 68. Rb5+ Kf6 69. Rb4 Rf5+ 70. Kg3 Rg5+ 71. Kh4 Rf5 72. Rb6+ Ke5
73. Kg3 Rg5+ 74. Kf3 Rf5+ 75. Ke3 Rf1 76. Rb5+ Ke6 77. Ke2 Rf5 78. Rb6+ Ke5 79.
Ke3 Rf1 80. Rb5+ Ke6 81. Kd2 Rf2+ 82. Ke3 Rf1 1/2-1/2

[Event "Titled Tue 26th Aug Early"]
[Site "chess.com INT"]
[Date "2025.08.26"]
[Round "4"]
[White "Sovetbekova, Nurai"]
[Black "Perossa, Nicolas"]
[Result "1-0"]
[WhiteTitle "WFM"]
[BlackTitle "FM"]
[WhiteElo "2027"]
[BlackElo "2284"]
[WhiteFideId "13801910"]
[BlackFideId "2850520"]
[EventDate "2025.08.26"]

1. d4 d5 2. Nf3 e6 3. e3 Nf6 4. c4 Bb4+ 5. Bd2 Qe7 6. Bd3 O-O 7. O-O Ne4 8. Bxb4
Qxb4 9. b3 f5 10. Ne5 Nd7 11. a3 Qe7 12. Nd2 Nxe5 13. dxe5 c6 14. Nf3 Bd7 15. b4
Be8 16. Nd4 f4 17. Qc2 fxe3 18. Bxe4 dxe4 19. Qxe4 exf2+ 20. Rxf2 Bg6 21. Qe3
Rxf2 22. Qxf2 Rf8 23. Qe3 a5 24. h3 axb4 25. axb4 Re8 26. b5 c5 27. Nb3 b6 28.
Ra6 Qc7 29. Nd2 Rd8 30. Nf3 h6 31. Qa3 Kh7 32. Ra7 Qc8 33. Qa6 Rd1+ 34. Kh2 Qf8
35. Kg3 Rd3 36. Qb7 Bh5 37. Ra8 Qf7 38. Qxf7 Bxf7 39. Rb8 Rc3 40. Rxb6 Rxc4 41.
Rc6 Be8 42. Rxe6 Bxb5 43. Re7 Re4 44. Rc7 c4 45. Nd2 Re3+ 46. Kf2 Rxe5 47. Nxc4
Rf5+ 48. Ke3 Rg5 49. Kf2 Rf5+ 50. Kg3 Rg5+ 51. Kh2 Rg6 52. Ne3 Bc6 53. Ng4 Bxg2
54. Kxg2 h5 55. Kg3 hxg4 56. hxg4 Rf6 57. Ra7 Kg6 58. Ra1 Re6 59. Ra5 Re3+ 60.
Kf4 Re6 61. Rb5 Rd6 62. Ra5 Kf6 63. g5+ Kg6 64. Ra4 Rd5 65. Ra6+ Kh5 66. g6 Rg5
67. Ra1 Rg4+ 68. Kf5 Rg5+ 69. Kf4 Rxg6 70. Rh1# 1-0

[Event "Titled Tue 26th Aug Early"]
[Site "chess.com INT"]
[Date "2025.08.26"]
[Round "4"]
[White "Drygalov, Sergey"]
[Black "Pham, Le Thao Nguyen"]
[Result "1-0"]
[WhiteTitle "GM"]
[BlackTitle "IM"]
[WhiteElo "2560"]
[BlackElo "2348"]
[WhiteFideId "24171743"]
[BlackFideId "12401226"]
[EventDate "2025.08.26"]

1. d4 d5 2. c4 c6 3. Nf3 Nf6 4. Nc3 a6 5. e3 b5 6. b3 Bg4 7. Be2 e6 8. Bb2 Be7
9. h3 Bh5 10. O-O O-O 11. Ne5 Bxe2 12. Qxe2 Nfd7 13. Nxd7 Nxd7 14. e4 bxc4 15.
bxc4 Nb6 16. exd5 exd5 17. cxd5 cxd5 18. Bc1 Bf6 19. Be3 Re8 20. Qf3 Rc8 21.
Rac1 Qd7 22. Rfd1 Red8 23. Ne2 Rc4 24. Nf4 Ra4 25. Nh5 Be7 26. Qg3 g6 27. Rc7
Qe6 28. Nf4 Qd6 29. Rb7 Rd7 30. Rxd7 Qxd7 31. Rb1 Rb4 32. Rxb4 Bxb4 33. Nh5 Qd6
34. Bf4 Qc6 35. Be5 Nd7 36. Qg4 Be7 37. Ng3 Qe6 38. Qe2 f6 39. Bf4 Qxe2 40. Nxe2
Kf7 41. Kf1 Ke6 42. Nc3 Nb6 43. Bc7 Nc4 44. Ke2 Bb4 45. Na4 Ba3 46. Bf4 Bb4 47.
Kd3 Ba3 48. Nc3 Nb2+ 49. Kc2 Nc4 50. Kb3 Be7 51. Nd1 g5 52. Bc1 h5 53. Kc3 h4
54. Kd3 f5 55. Nc3 g4 56. Ne2 Bd6 57. Bg5 Nb2+ 58. Kc2 Nc4 59. Bxh4 gxh3 60.
gxh3 f4 61. Kd3 Kf5 62. Nc3 Ke6 63. f3 Nb2+ 64. Ke2 Nc4 65. Bf2 Kf5 66. h4 Ke6
67. h5 Be7 68. Na4 Bg5 69. Nc5+ Kf5 70. Nxa6 Nd6 71. Nb4 Ke6 72. a4 Nf7 73. a5 1-0

[Event "Titled Tue 26th Aug Early"]
[Site "chess.com INT"]
[Date "2025.08.26"]
[Round "4"]
[White "Guliev, Gasan"]
[Black "Li, Yilin"]
[Result "0-1"]
[WhiteTitle "CM"]
[BlackTitle "WFM"]
[WhiteElo "2123"]
[BlackElo "1921"]
[WhiteFideId "34165638"]
[BlackFideId "8610410"]
[EventDate "2025.08.26"]

1. Nc3 d5 2. d4 c6 3. Nf3 Nf6 4. Bf4 e6 5. e3 Be7 6. Bd3 Nh5 7. Bxb8 Rxb8 8. O-O
Nf6 9. Ne5 O-O 10. Ne2 Ne4 11. f4 f6 12. Nf3 c5 13. c3 c4 14. Bc2 b5 15. Ng3 f5
16. Nxe4 dxe4 17. Ne5 Qc7 18. Qe2 Bd6 19. h3 Bxe5 20. dxe5 Bb7 21. Rfd1 Bd5 22.
a3 a5 23. Qe1 Qc5 24. Kh2 b4 25. axb4 axb4 26. Ra6 b3 27. Bb1 Ra8 28. Rd6 Rfd8
29. Rxd8+ Rxd8 30. Qh4 Ra8 31. Rd4 Ra1 32. Qd8+ Kf7 33. Bxe4 fxe4 34. f5 Ra7 35.
f6 Qc7 36. Rxd5 exd5 37. Qxd5+ Kf8 38. fxg7+ Kxg7 39. Qxe4 Ra5 40. Qg4+ Kh8 41.
Kg1 Qxe5 42. Qc8+ Kg7 43. Qxc4 Qxe3+ 44. Kh2 Qe5+ 45. g3 Rd5 46. Qg4+ Kf7 47.
Qf3+ Ke6 48. Qg4+ Qf5 49. Qg8+ Ke5 50. Qe8+ Kd6 51. Qd8+ Qd7 52. Qb6+ Ke5 53.
Qe3+ Kf6 54. Qh6+ Ke5 55. Qf4+ Ke6 56. Qh6+ Ke7 57. Qg7+ Kd8 58. Qf8+ Kc7 59.
Qf4+ Qd6 60. Qf7+ Kc6 61. Qf3 Qe5 62. c4 Qxb2+ 63. Kh1 Qc1+ 64. Kh2 Qxc4 65. Qf7
Kc5 66. Qc7+ Kd4 67. Qf4+ Kc3 68. Qc1+ Kb4 69. Qe1+ Qc3 70. Qe7+ Rc5 71. Qb7+
Ka3 72. Qa7+ Kb2 73. h4 Qd2+ 74. Kh3 Rc2 75. Qg7+ Qc3 76. Qxh7 Qc8+ 77. g4 Qc3+
78. Qd3 Qxd3# 0-1

[Event "Titled Tue 26th Aug Early"]
[Site "chess.com INT"]
[Date "2025.08.26"]
[Round "4"]
[White "Smirnov, Mark"]
[Black "Shafer, Logan C"]
[Result "1-0"]
[WhiteTitle "FM"]
[BlackTitle "CM"]
[WhiteElo "2359"]
[BlackElo "2234"]
[WhiteFideId "13764594"]
[BlackFideId "30993342"]
[EventDate "2025.08.26"]

1. b3 Nf6 2. Bb2 d5 3. Nf3 Bf5 4. g3 h6 5. Bg2 e6 6. O-O Be7 7. d3 O-O 8. Nbd2
a5 9. a3 Na6 10. Ne5 Bh7 11. e4 c6 12. Qe2 Qc7 13. f4 b5 14. Kh1 Nd7 15. Nxd7
Qxd7 16. Qg4 f6 17. Rae1 Nc7 18. Nf3 Bd6 19. e5 f5 20. Qh5 Be7 21. Nh4 Qd8 22.
Ng6 Bxg6 23. Qxg6 Qe8 24. Qxe8 Rfxe8 25. h3 Kf7 26. g4 g6 27. Bf3 Rg8 28. Re2
Raf8 29. Rg2 g5 30. Bc1 Ke8 31. Be2 gxf4 32. Bxf4 Bg5 33. gxf5 Rxf5 34. h4 Rgf8
35. hxg5 hxg5 36. Rxg5 Rxf4 37. Rxf4 Rxf4 38. Rg7 Kd8 39. Kg2 d4 40. Bf3 c5 41.
Bc6 Nd5 42. Bxd5 exd5 43. Ra7 Rf5 44. Rxa5 Rxe5 45. Kf2 Rf5+ 46. Ke2 Kc7 47.
Rxb5 Kc6 48. Rb8 Rh5 49. a4 Rh1 50. Kd2 Kc7 51. Rg8 Kc6 52. Rg6+ Kc7 53. Rf6 Rg1
54. Rf2 Rh1 55. Re2 Kc6 56. Re1 Rh2+ 57. Kc1 c4 58. dxc4 dxc4 59. b4 Rh3 60. Kb2
Kd5 61. Rg1 Rh2 62. Rg5+ Kd6 63. Rc5 c3+ 64. Kb3 Rh1 65. Kc4 Rc1 66. Kxd4 Rxc2
67. Rxc3 Ra2 68. a5 Rb2 69. Kc4 Kc6 70. Rh3 Rc2+ 71. Kb3 Rg2 72. Rh6+ Kb7 73.
a6+ Ka7 74. Ka4 Rg5 75. b5 Rg1 76. Rh7+ Ka8 77. b6 Rg4+ 78. Kb5 Rg8 79. Rf7 Rh8
80. Rf5 Rg8 81. Rc5 Kb8 82. b7 Ka7 83. Rc8 Rg5+ 84. Kc4 Rg4+ 85. Kd3 Rb4 86.
Ra8+ Kb6 87. b8=Q+ Ka5 88. Qxb4+ Kxb4 89. Rb8+ Kc5 90. a7 Kd6 91. a8=Q Kc7 1-0

[Event "Titled Tue 26th Aug Early"]
[Site "chess.com INT"]
[Date "2025.08.26"]
[Round "4"]
[White "Grieve, Harry"]
[Black "Alonso Rosell, Alvar"]
[Result "1/2-1/2"]
[WhiteTitle "IM"]
[BlackTitle "GM"]
[WhiteElo "2479"]
[BlackElo "2536"]
[WhiteFideId "426520"]
[BlackFideId "2270544"]
[EventDate "2025.08.26"]

1. e4 c6 2. d4 d5 3. exd5 cxd5 4. Bd3 Nc6 5. c3 e6 6. Nf3 Bd6 7. O-O Nge7 8. Re1
O-O 9. a4 Ng6 10. Na3 f6 11. c4 Nce7 12. Nb5 Bb8 13. b3 a6 14. Nc3 Bd6 15. Ba3
Bxa3 16. Rxa3 Bd7 17. g3 Rf7 18. Ra2 Nf8 19. Rae2 Bc6 20. c5 Qa5 21. Qd2 Qb4 22.
Qb2 Neg6 23. Na2 Qa5 24. b4 Qd8 25. b5 axb5 26. axb5 Bd7 27. Nc3 Qa5 28. Qb3 Qa3
29. Rb1 Qxb3 30. Rxb3 Re7 31. Rc2 Ree8 32. Ne2 Rec8 33. Rbc3 Ne7 34. Nf4 Kf7 35.
h4 Ra5 36. Rb3 Rca8 37. Kg2 Ra3 38. Rcc3 Rxb3 39. Rxb3 Be8 40. Ne2 Nfg6 41. h5
Nf8 42. Nc3 Kg8 43. g4 h6 44. Rb4 Nh7 45. Ra4 Rb8 46. Ra7 Nc8 47. Ra4 Ng5 48.
Nxg5 hxg5 49. Ra5 b6 50. cxb6 Nxb6 51. Ra6 Bd7 52. f3 Kf7 53. Kg3 Ke7 54. Na2
Nc4 55. Bxc4 dxc4 56. b6 Rb7 57. Nc3 Kd6 58. f4 Kc6 59. fxg5 fxg5 60. Ra5 Rxb6
61. Rc5+ Kd6 62. Rxc4 Rb3 63. Rc5 Bc6 64. Kf2 e5 65. Ne2 Rf3+ 66. Ke1 exd4 67.
Rxg5 Re3 68. Kd2 Re7 69. Nxd4 Bd7 70. Nf5+ Bxf5 71. Rxf5 Ke6 72. Ke3 g6 73. hxg6
Rg7 74. Rg5 Kf6 75. Kf4 Rxg6 76. Rf5+ Kg7 77. Ra5 Rb6 78. Kg5 Rg6+ 79. Kh5 Rh6+
80. Kg5 Rg6+ 81. Kf4 Rf6+ 82. Kg3 Rb6 83. g5 Kg6 84. Kg4 Rb4+ 85. Kg3 Rc4 86.
Ra6+ Kxg5 87. Ra5+ Kg6 88. Ra3 Rc5 89. Rb3 1/2-1/2

[Event "Titled Tue 26th Aug Early"]
[Site "chess.com INT"]
[Date "2025.08.26"]
[Round "4"]
[White "Unsal, Gorkem"]
[Black "Souleidis, Georgios"]
[Result "1/2-1/2"]
[WhiteTitle "CM"]
[BlackTitle "IM"]
[WhiteElo "2145"]
[BlackElo "2418"]
[WhiteFideId "51607484"]
[BlackFideId "4206827"]
[EventDate "2025.08.26"]

1. e4 c5 2. Nf3 Nc6 3. Bb5 g6 4. O-O Bg7 5. c3 e5 6. d4 cxd4 7. cxd4 exd4 8. Bf4
Nge7 9. Nbd2 O-O 10. Bd6 a6 11. Bc4 b5 12. Bd5 Re8 13. Nb3 Bb7 14. Nc5 Nxd5 15.
Nxb7 Qb6 16. exd5 Na7 17. Bc5 Qxb7 18. Bxd4 Qxd5 19. Bxg7 Qxd1 20. Raxd1 Kxg7
21. Rxd7 Nc6 22. Rc1 Ne5 23. Nxe5 Rxe5 24. Kf1 Rae8 25. g3 R8e6 26. Rcc7 Re1+
27. Kg2 Rf6 28. Rd2 h5 29. h4 Re5 30. a3 Ref5 31. Rc3 Re5 32. Rcd3 a5 33. Rd6 a4
34. Rxf6 Kxf6 35. Rd6+ Ke7 36. Rb6 Rf5 37. f4 Kd7 38. Kf3 Kc7 39. Ra6 Kb7 40.
Rd6 Kc7 41. Rd2 Kc6 42. Ke4 Rf6 43. Rc2+ Kd6 44. Rd2+ Kc5 45. Rd5+ Kc6 46. Re5
Rd6 47. Re7 f5+ 48. Ke5 Rd5+ 49. Kf6 Rd6+ 50. Kf7 Kc5 51. Re5+ Kc4 52. Kg7 Kb3
53. Rxb5+ Ka2 54. Rb4 Ra6 55. Kh6 Kb1 56. b3 axb3 57. Rxb3+ Kc2 58. Re3 Kd2 59.
Re5 Kd3 60. Kg7 Kd4 61. Kf7 Rxa3 62. Kxg6 Rxg3+ 63. Kxf5 Rg4 64. Re4+ Kd5 65.
Re1 Rxh4 66. Rd1+ Kc6 67. Kg5 Rh2 68. f5 h4 69. f6 h3 70. Kg6 Rf2 71. f7 h2 72.
Rh1 Rg2+ 73. Kf6 Rf2+ 74. Ke7 Re2+ 75. Kd8 Rf2 76. Ke8 Re2+ 77. Kf8 Kd7 78. Kg8
Rg2+ 79. Kf8 Kc7 80. Rc1+ Kd7 81. Rd1+ Kc7 82. Rh1 Kd7 83. Rd1+ Kc7 84. Ke7 Re2+
85. Kf8 Rg2 1/2-1/2